000 00543nam a22002177a 4500
999 _c6460
_d6460
001 6460
003 BD-JhCC
005 20180125105425.0
008 180123b xxu||||| |||| 00| 0 eng d
035 _a(BD-JhCC)6460
040 _aBD-JhCC
_dBD-JhCC
041 _aeng
082 _a799.2774428
_bCOR 1961
100 _aCorbett, Jim
245 _aMan-Eaters of Kumaon /
_cJim Corbett
260 _aLondon :
_bOxford University Press,
_c1961.
300 _a252 p. :
_bills;
_c21 cm.
650 _aHunting
942 _2ddc
_cBK